[Event "Championnat de France des Jeunes - Minim"]
[Site "MONTLUCON"]
[Date "2011.04.19"]
[Round "4.1"]
[White "Aflalo, Sophie"]
[Black "Navrotescu, Andreea-Cristiana"]
[Result "1-0"]
[WhiteElo "2042"]
[BlackElo "1936"]
[PlyCount "111"]

1. e4 c5 2. Nf3 e6 3. d4 cxd4 4. Nxd4 Nf6 5. Bd3 Nc6 6. Nxc6 bxc6 7. O-O d5 8.
e5 Nd7 9. Qe2 Nc5 10. Nd2 Nxd3 11. Qxd3 Qb6 12. Qg3 g6 13. c4 Bg7 14. cxd5 cxd5
15. Nb3 O-O 16. Be3 Qc7 17. Bd4 Qc2 18. Rfc1 Qf5 19. Rc3 g5 20. Rac1 Bd7 21.
Nc5 Bb5 22. Rf3 Qg6 23. a4 Bc6 24. Rfc3 Rfc8 25. b4 Be8 26. h3 Bf8 27. Kh2 Bxc5
28. Bxc5 Bxa4 29. Rf3 h6 30. Rf6 Qg7 31. Ra1 Bb5 32. f4 a5 33. fxg5 hxg5 34.
Rd1 axb4 35. Bxb4 Rc4 36. Be7 Ra7 37. Bd6 Ra8 38. Rb1 Bc6 39. Rbf1 Be8 40. Be7
Ra7 41. Bd8 Rd7 42. Ba5 Rc2 43. Qb3 Rc8 44. Bd2 d4 45. R1f3 Rd5 46. Bxg5 Qxg5
47. Rg3 Rxe5 48. Rxg5+ Rxg5 49. h4 Rg4 50. Rf3 Rxh4+ 51. Kg3 Rh6 52. Qb7 Rg6+
53. Kh3 Rc5 54. g4 Rd5 55. Qe7 Rh6+ 56. Kg3 1-0

[Event "Championnat de France des Jeunes - Minim"]
[Site "MONTLUCON"]
[Date "2011.04.19"]
[Round "4.2"]
[White "Monpeurt, Cyrielle"]
[Black "Afraoui, Solenn"]
[Result "1/2-1/2"]
[WhiteElo "1950"]
[BlackElo "1820"]
[PlyCount "136"]

1. e4 c5 2. Nf3 d6 3. d4 cxd4 4. Nxd4 Nf6 5. Nc3 g6 6. Be3 Bg7 7. f3 O-O 8. Qd2
Nc6 9. O-O-O d5 10. exd5 Nxd5 11. Nxc6 bxc6 12. Bd4 e5 13. Bc5 Be6 14. Ne4 Re8
15. Bc4 Qb8 16. h4 Rd8 17. h5 Nb6 18. Qxd8+ Qxd8 19. Rxd8+ Rxd8 20. Bxe6 fxe6
21. hxg6 hxg6 22. c3 Nd5 23. Rd1 Bh6+ 24. Kb1 Ra8 25. c4 Nf4 26. g3 Nh5 27. Rd6
Rf8 28. g4 Nf4 29. Rxc6 Rf7 30. g5 Bg7 31. Rc8+ Kh7 32. Nd6 Rd7 33. Kc2 Nh3 34.
Ne4 Nf4 35. Bd6 Rf7 36. Rc7 Rxc7 37. Bxc7 Kg8 38. c5 Nd5 39. Bb8 a6 40. a3 Kf7
41. b4 Ke7 42. Kd3 Kd7 43. Nd2 Kc6 44. Nc4 Nf4+ 45. Ke4 Nh3 46. Bxe5 Nxg5+ 47.
Kf4 Bh6 48. Kg4 Kd5 49. Bf4 Nf7 50. Nb6+ Kc6 51. Bxh6 Nxh6+ 52. Kg5 Nf5 53. f4
Nd4 54. Kxg6 a5 55. Kf6 axb4 56. axb4 Kb5 57. Ke5 Nc6+ 58. Kxe6 Kxb4 59. Kd6
Nd4 60. Nd7 Kb5 61. Kd5 Nf5 62. Ke5 Ne7 63. f5 Kc6 64. Ke6 Nxf5 65. Kxf5 Kxd7
66. Ke5 Kc6 67. Kd4 Kc7 68. Kd5 Kd7 1/2-1/2

[Event "Championnat de France des Jeunes - Minim"]
[Site "MONTLUCON"]
[Date "2011.04.19"]
[Round "4.3"]
[White "Rei-Rosa, Sophie"]
[Black "Eid, Maha"]
[Result "0-1"]
[WhiteElo "1700"]
[BlackElo "2088"]
[PlyCount "80"]

1. d4 Nf6 2. Nf3 e6 3. Bf4 c5 4. e3 cxd4 5. exd4 b6 6. Nbd2 Bb7 7. Bd3 Be7 8.
O-O O-O 9. c3 d6 10. Qe2 Nbd7 11. h3 Re8 12. Rfe1 Qc7 13. a4 Bf8 14. Nc4 Bd5
15. Bh2 Qc6 16. Ncd2 Qb7 17. Ba6 Qc7 18. Bd3 Rad8 19. Rad1 Qb7 20. Qf1 Bc6 21.
Bb5 Nb8 22. Bxc6 Nxc6 23. Qd3 d5 24. Ne5 Ne7 25. Ndf3 Nf5 26. Ng5 Nd6 27. Ng4
Nfe4 28. Nxe4 Nxe4 29. Qe3 Be7 30. f3 Nd6 31. Ne5 Bf8 32. Re2 f6 33. Nd3 Nf5
34. Qf2 g6 35. Rde1 Qd7 36. Ra1 Bd6 37. Nf4 Qc7 38. Nxe6 Bxh2+ 39. Kh1 Rxe6 40.
Rxe6 Ng3+ 0-1

[Event "Championnat de France des Jeunes - Minim"]
[Site "MONTLUCON"]
[Date "2011.04.19"]
[Round "4.4"]
[White "Richier, Lucie"]
[Black "Griggio, Julie"]
[Result "1/2-1/2"]
[WhiteElo "1634"]
[BlackElo "1796"]
[PlyCount "94"]

1. d4 Nf6 2. Nf3 g6 3. Bf4 Bg7 4. e3 O-O 5. h3 d6 6. Be2 Nbd7 7. O-O Re8 8. c4
c5 9. Nc3 b6 10. a3 Bb7 11. b4 Nh5 12. Bh2 f5 13. Rc1 Nhf6 14. Ng5 e5 15. Nb5
Nf8 16. dxe5 dxe5 17. Qxd8 Raxd8 18. Nxa7 Rd2 19. Bd1 cxb4 20. axb4 Rb2 21. b5
e4 22. h4 h6 23. Nh3 N6d7 24. g4 Be5 25. gxf5 gxf5 26. Bh5 Ra8 27. Nc6 Bxh2+
28. Kxh2 Bxc6 29. bxc6 Ne5 30. Rb1 Nxc4 31. Rxb2 Nxb2 32. Rb1 Na4 33. Rb5 Ra5
34. c7 Ra8 35. Rb4 Nc5 36. Rxb6 Rc8 37. Rxh6 Kg7 38. Rc6 Nce6 39. Kg3 Rxc7 40.
Rxc7+ Nxc7 41. Be2 Nce6 42. Bc4 Nc7 43. Nf4 Kf6 44. h5 Kg5 45. Bf7 Kf6 46. Bg8
Kg5 47. Kh3 Nd7 1/2-1/2

[Event "Championnat de France des Jeunes - Minim"]
[Site "MONTLUCON"]
[Date "2011.04.19"]
[Round "4.5"]
[White "Thomas, Anysia"]
[Black "Chauvet, Adele"]
[Result "1-0"]
[WhiteElo "1790"]
[BlackElo "1535"]
[PlyCount "90"]

1. d4 Nf6 2. c4 g6 3. Nc3 Bg7 4. Nf3 d6 5. Bg5 h6 6. Bd2 O-O 7. e4 c6 8. Bd3
Nbd7 9. O-O a6 10. Qc1 Kh7 11. a4 c5 12. d5 Ng4 13. h3 Nge5 14. Be2 Nxf3+ 15.
Bxf3 Ne5 16. Be2 f5 17. f4 Nf7 18. Bf3 Bd7 19. Qc2 Qc7 20. Rfe1 e6 21. exf5
exf5 22. Ne2 Rab8 23. Bc3 Bxc3 24. Nxc3 Rfe8 25. Qd2 Qa5 26. Rxe8 Rxe8 27. Ne4
Qxd2 28. Nxd2 g5 29. fxg5 hxg5 30. Bh5 Kg7 31. Nf3 Rg8 32. Re1 Kf6 33. b3 g4
34. hxg4 fxg4 35. Bxf7 Kxf7 36. Nd2 Re8 37. Ne4 Kg6 38. Kf2 Rf8+ 39. Kg3 Re8
40. Kf2 Rf8+ 41. Ke3 Re8 42. Kd2 Rf8 43. Nxd6 Rf2+ 44. Re2 Rxe2+ 45. Kxe2 Kf6
1-0

[Event "Championnat de France des Jeunes - Minim"]
[Site "MONTLUCON"]
[Date "2011.04.19"]
[Round "4.6"]
[White "Ferrer, Lauriane"]
[Black "Rigolot, Lucie"]
[Result "0-1"]
[WhiteElo "1632"]
[BlackElo "1957"]
[PlyCount "34"]

1. e4 c5 2. Nf3 d6 3. d4 cxd4 4. Nxd4 Nf6 5. Nc3 a6 6. Be3 e6 7. g4 b5 8. g5
Nfd7 9. Qd2 Bb7 10. f3 Nb6 11. O-O-O N8d7 12. h4 Ne5 13. Qh2 Qc7 14. Bf4 Nec4
15. Ndxb5 axb5 16. Nxb5 Qc6 17. Nxd6+ Bxd6 0-1

[Event "Championnat de France des Jeunes - Minim"]
[Site "MONTLUCON"]
[Date "2011.04.19"]
[Round "4.7"]
[White "Fischer, Julie"]
[Black "David, Betty"]
[Result "1-0"]
[WhiteElo "1823"]
[BlackElo "1620"]
[PlyCount "77"]

1. e4 c5 2. Nf3 a6 3. d4 cxd4 4. Nxd4 Nf6 5. Bd3 e5 6. Nf5 d5 7. exd5 e4 8. Ne3
exd3 9. Qxd3 b5 10. O-O Bc5 11. Re1 O-O 12. Nc3 Bxe3 13. Bxe3 Qd6 14. Rad1 Bb7
15. Bg5 Nbd7 16. a3 Rfe8 17. Re3 h6 18. Bh4 Ne5 19. Qd4 Nc4 20. Rxe8+ Rxe8 21.
f3 Nxb2 22. Nxb5 axb5 23. Qxb2 Nxd5 24. Qxb5 Bc6 25. Qc4 Ra8 26. Bg3 Qd7 27.
Rd3 Ra7 28. Qc5 Qb7 29. Rb3 Qa6 30. c4 Qa4 31. Rb8+ Kh7 32. cxd5 Qd1+ 33. Kf2
Qd2+ 34. Kf1 Qd1+ 35. Be1 Qd3+ 36. Kf2 Rxa3 37. dxc6 Ra2+ 38. Kg1 Qe2 39. Qf5+
1-0

[Event "Championnat de France des Jeunes - Minim"]
[Site "MONTLUCON"]
[Date "2011.04.19"]
[Round "4.8"]
[White "Del Valle, Clemence"]
[Black "Rouzes, Sibylle-Anne"]
[Result "0-1"]
[WhiteElo "1820"]
[BlackElo "1565"]
[PlyCount "96"]

1. e4 c6 2. d4 d5 3. exd5 cxd5 4. c3 Nf6 5. Nf3 a6 6. Bd3 Nc6 7. O-O Bg4 8. Re1
Qd7 9. Bf4 e6 10. Nbd2 Bd6 11. Bxd6 Qxd6 12. h3 Bh5 13. Qc2 O-O 14. b3 b5 15.
Rac1 Rac8 16. Qb2 Rfe8 17. Ne5 Qb8 18. Ndf3 h6 19. Nxc6 Rxc6 20. Ne5 Rc7 21. f4
Nd7 22. Qf2 Qc8 23. Qd2 f6 24. Ng6 f5 25. Ne5 Nxe5 26. Rxe5 Ree7 27. g4 Bg6 28.
h4 h5 29. gxf5 Bxf5 30. Bxf5 exf5 31. Qe3 Rxe5 32. dxe5 b4 33. e6 Rxc3 34. Rxc3
bxc3 35. e7 Kf7 36. e8=Q+ Qxe8 37. Qxc3 g6 38. Kf2 Qd8 39. Kg3 Qd6 40. Qc8 d4
41. Qh8 d3 42. Qh7+ Kf6 43. Qh8+ Ke6 44. Qe8+ Kd5 45. Qf7+ Kc6 46. Qc4+ Kb6 47.
Kf3 d2 48. Qe2 d1=Q 0-1

[Event "Championnat de France des Jeunes - Minim"]
[Site "MONTLUCON"]
[Date "2011.04.19"]
[Round "4.10"]
[White "Susini, Lisa"]
[Black "Bekhouche, Marion"]
[Result "0-1"]
[WhiteElo "1615"]
[BlackElo "1703"]
[PlyCount "108"]

1. d4 d5 2. Nf3 e6 3. e3 Bd6 4. Bd3 f5 5. Nbd2 Nf6 6. c4 c6 7. Rb1 Ne4 8. b4
Nc3 9. Qb3 Nxb1 10. Bxb1 O-O 11. Ne5 Nd7 12. Ndf3 Qc7 13. Bb2 b6 14. O-O Bb7
15. Rc1 Rac8 16. Ng5 Rf6 17. f4 Qd8 18. c5 Bxe5 19. fxe5 Rg6 20. Nf3 bxc5 21.
dxc5 Ba6 22. Bd3 Nb8 23. Bd4 Qd7 24. a4 Bxd3 25. Qxd3 a6 26. Rb1 h5 27. Qe2 Rh6
28. h4 Rc7 29. Ng5 Qe8 30. Rb2 Ra7 31. Kh2 g6 32. b5 axb5 33. axb5 cxb5 34.
Rxb5 Nc6 35. Qb2 Re7 36. Rb6 Rh8 37. Rb7 Nd8 38. Rb8 Kg7 39. Qb6 Qd7 40. Qd6
Rhe8 41. Nxe6+ Nxe6 42. Qxd7 Rxd7 43. Rxe8 Kf7 44. Ra8 Rc7 45. Ra5 Ke7 46. Kg3
Kd7 47. Ra6 Ke7 48. Kf3 Kf7 49. Rd6 Nxc5 50. Rxd5 Ne4 51. Ra5 Rc2 52. Ra7+ Kg8
53. Ra8+ Kh7 54. Ra7+ Kh6 0-1

[Event "Championnat de France des Jeunes - Minim"]
[Site "MONTLUCON"]
[Date "2011.04.20"]
[Round "5.1"]
[White "Eid, Maha"]
[Black "Aflalo, Sophie"]
[Result "0-1"]
[WhiteElo "2088"]
[BlackElo "2042"]
[PlyCount "120"]

1. d4 Nf6 2. c4 g6 3. Nc3 Bg7 4. e4 d6 5. Be2 O-O 6. Nf3 e5 7. O-O Nc6 8. d5
Ne7 9. Ne1 Nd7 10. Nd3 f5 11. Bd2 Nf6 12. f3 c6 13. Qc2 Kh8 14. Nf2 c5 15. Rab1
f4 16. b4 cxb4 17. Rxb4 g5 18. Na4 b6 19. Nc3 h5 20. h3 Rg8 21. Rb3 Bh6 22. Nb5
Ng6 23. Rfb1 Nh4 24. Be1 a6 25. Na3 g4 26. fxg4 hxg4 27. hxg4 Nxg4 28. Nxg4
Bxg4 29. Bxh4 Qxh4 30. Bf3 Bxf3 31. Rxf3 Rg3 32. Qf2 Rag8 33. Nc2 Rxg2+ 34.
Qxg2 Rxg2+ 35. Kxg2 Qg4+ 36. Kf2 Bg5 37. Rf1 Bh4+ 38. Ke2 Qg2+ 39. Kd3 Bg3 40.
a3 Kh7 41. a4 a5 42. Na3 Qa2 43. Nb5 Qxa4 44. Rb1 Qa2 45. Rff1 Kg6 46. Nc3 Qg2
47. Ne2 Kf6 48. Rbd1 Bf2 49. Nc3 Bd4 50. Ne2 Qh3+ 51. Kc2 Qe3 52. Nxd4 Qxe4+
53. Kc3 Qe3+ 54. Kc2 exd4 55. Rfe1 Qc3+ 56. Kb1 Qxc4 57. Rc1 Qb3+ 58. Ka1 d3
59. Rc8 Qa3+ 60. Kb1 Qb4+ 0-1

[Event "Championnat de France des Jeunes - Minim"]
[Site "MONTLUCON"]
[Date "2011.04.20"]
[Round "5.2"]
[White "Afraoui, Solenn"]
[Black "Thomas, Anysia"]
[Result "1-0"]
[WhiteElo "1820"]
[BlackElo "1790"]
[PlyCount "133"]

1. e4 c6 2. d4 g6 3. f4 d5 4. e5 h5 5. Nf3 Bg4 6. Bd3 Qb6 7. c3 Nh6 8. O-O Nd7
9. Qc2 Bf5 10. Ng5 e6 11. a4 Be7 12. a5 Qc7 13. Nf3 c5 14. Bxf5 Nxf5 15. Qa4
O-O 16. Na3 a6 17. Nc2 Rac8 18. Ne3 Nxe3 19. Bxe3 cxd4 20. cxd4 Nb8 21. Rfc1
Qd7 22. Qb3 Nc6 23. Bd2 Na7 24. Bc3 Qb5 25. Qd1 Rc7 26. Ne1 Rfc8 27. Nd3 Rc4
28. Qd2 Kg7 29. Qd1 Nc6 30. b3 Rxc3 31. Rxc3 Rb8 32. Nb2 Nxa5 33. Qd3 Qxd3 34.
Nxd3 Nc6 35. Ra4 Ra8 36. Nc5 Bxc5 37. dxc5 Rd8 38. Kf2 f6 39. exf6+ Kxf6 40.
Ra1 Kf5 41. Re1 d4 42. Rc2 Nb4 43. Rd2 d3 44. Kf3 Rd5 45. Rc1 Rd4 46. g3 g5 47.
fxg5 Kxg5 48. Rc4 Rxc4 49. bxc4 Kf5 50. h3 Ke5 51. Ke3 Nc2+ 52. Kxd3 Nb4+ 53.
Kc3 Nc6 54. Rb2 Na5 55. g4 hxg4 56. hxg4 Kf4 57. Rg2 Kg5 58. Kd4 Nc6+ 59. Ke4
Na5 60. Ke5 Nxc4+ 61. Kxe6 a5 62. Kd7 Ne5+ 63. Kc7 Nd3 64. Rc2 Kxg4 65. Kxb7
Nb4 66. Rc4+ Kf5 67. c6 1-0

[Event "Championnat de France des Jeunes - Minim"]
[Site "MONTLUCON"]
[Date "2011.04.20"]
[Round "5.4"]
[White "Navrotescu, Andreea-Cristiana"]
[Black "Richier, Lucie"]
[Result "1-0"]
[WhiteElo "1936"]
[BlackElo "1634"]
[PlyCount "75"]

1. d4 d5 2. c4 e6 3. Nc3 Nf6 4. Nf3 Be7 5. Bf4 O-O 6. e3 b6 7. cxd5 exd5 8. Bd3
Bb7 9. O-O c5 10. Rc1 Nbd7 11. Bb1 Re8 12. Re1 Rc8 13. Nb5 a6 14. Nd6 Bxd6 15.
Bxd6 Re6 16. Bg3 Ne4 17. Bf4 h6 18. a3 Ndf6 19. dxc5 bxc5 20. b4 c4 21. Nd4 Re8
22. f3 g5 23. fxe4 gxf4 24. Qf3 fxe3 25. Nf5 Nxe4 26. Nxh6+ Kg7 27. Qxf7+ Kxh6
28. Qxb7 Ng5 29. Qxa6+ Re6 30. Qa7 d4 31. h4 Ne4 32. Qf7 Qf6 33. Qxf6+ Nxf6 34.
Bf5 d3 35. Bxe6 d2 36. Bxc8 c3 37. Bf5 Nh5 38. Rcd1 1-0

[Event "Championnat de France des Jeunes - Minim"]
[Site "MONTLUCON"]
[Date "2011.04.20"]
[Round "5.5"]
[White "Rouzes, Sibylle-Anne"]
[Black "Fischer, Julie"]
[Result "0-1"]
[WhiteElo "1565"]
[BlackElo "1823"]
[PlyCount "38"]

1. e4 c5 2. Nf3 e6 3. d4 cxd4 4. Nxd4 Nc6 5. Nc3 Qc7 6. Be3 a6 7. Bd3 Nf6 8.
O-O Ne5 9. f4 Neg4 10. Bd2 Bc5 11. Nce2 e5 12. fxe5 Qxe5 13. Bf4 Bxd4+ 14. Nxd4
Qxd4+ 15. Kh1 Nf2+ 16. Rxf2 Qxf2 17. Bd6 b5 18. e5 Bb7 19. Bf1 Nd5 0-1

[Event "Championnat de France des Jeunes - Minim"]
[Site "MONTLUCON"]
[Date "2011.04.20"]
[Round "5.6"]
[White "Griggio, Julie"]
[Black "Vignette, Jeanne"]
[Result "1/2-1/2"]
[WhiteElo "1796"]
[BlackElo "1617"]
[PlyCount "88"]

1. e4 e5 2. Nf3 Nc6 3. Nc3 Nf6 4. d4 exd4 5. Nxd4 Bc5 6. Be3 Bb6 7. Nxc6 bxc6
8. Bxb6 axb6 9. Bd3 O-O 10. O-O d5 11. exd5 cxd5 12. Re1 c5 13. b3 Bb7 14. Re5
Qc7 15. f4 Rfe8 16. Nb5 Qc6 17. a4 Rxe5 18. fxe5 d4 19. Qf1 Ng4 20. Nd6 Nxe5
21. Nxb7 Nxd3 22. Qxd3 Qxb7 23. Re1 h6 24. Qb5 Kf8 25. Re2 g5 26. b4 Qc7 27. a5
bxa5 28. bxc5 Rb8 29. Qd3 Qxc5 30. Re1 Re8 31. Rd1 Rd8 32. Kf1 a4 33. c3 Qe5
34. cxd4 Qf4+ 35. Kg1 Kg8 36. d5 Qd6 37. h3 Qb6+ 38. Kh1 Qb3 39. Qxb3 axb3 40.
Rb1 Rxd5 41. Rxb3 Rd1+ 42. Kh2 Rd2 43. Kg3 Kg7 44. Kf3 Kg6 1/2-1/2

[Event "Championnat de France des Jeunes - Minim"]
[Site "MONTLUCON"]
[Date "2011.04.20"]
[Round "5.7"]
[White "Bekhouche, Marion"]
[Black "Laric, Emilie"]
[Result "1-0"]
[WhiteElo "1703"]
[BlackElo "1590"]
[PlyCount "89"]

1. d4 Nf6 2. c4 e6 3. Nf3 b6 4. g3 Bb7 5. Bg2 Be7 6. O-O O-O 7. d5 exd5 8. Nh4
d6 9. cxd5 Nbd7 10. Nf5 Re8 11. Nc3 Bf8 12. e4 Nc5 13. Re1 Ba6 14. b4 Nd3 15.
Re3 Nxc1 16. Rxc1 g6 17. Nd4 Bb7 18. Ncb5 Re7 19. Nc6 Bxc6 20. Rxc6 a6 21. Nd4
Qe8 22. Qc2 Bg7 23. Qd3 Ng4 24. Re2 Ne5 25. Qc2 Nxc6 26. Nxc6 Rd7 27. Bh3 Re7
28. Nxe7+ Qxe7 29. Qc6 Ra7 30. Bf1 Qe5 31. Kg2 Kf8 32. f3 Qe8 33. Qc4 Qd7 34.
Rc2 b5 35. Qb3 Ra8 36. Rc6 Ke8 37. a4 bxa4 38. Qxa4 Kd8 39. Bxa6 Bd4 40. Qb5
Bb6 41. Qc4 Ra7 42. Bb5 Ra1 43. Rxb6 Qc8 44. Rc6 Rb1 45. Qc3 1-0

[Event "Championnat de France des Jeunes - Minim"]
[Site "MONTLUCON"]
[Date "2011.04.20"]
[Round "5.8"]
[White "Boursier, Marianne"]
[Black "Le Marec, Laura"]
[Result "1-0"]
[WhiteElo "1550"]
[BlackElo "1648"]
[PlyCount "170"]

1. e4 e6 2. d4 d5 3. e5 c5 4. c3 Nc6 5. Nf3 Bd7 6. Na3 cxd4 7. cxd4 Bxa3 8.
bxa3 Qb6 9. Be3 Qa5+ 10. Qd2 Qxa3 11. Rb1 Na5 12. Bd3 Rc8 13. O-O Ne7 14. Qe2
Nec6 15. Bc1 Qe7 16. Bd2 h6 17. Bb5 b6 18. Rfc1 O-O 19. a4 f6 20. Ba6 Rb8 21.
Bb5 Be8 22. Qe3 Bg6 23. Rb2 Rfc8 24. h3 Be4 25. Bd3 Bxf3 26. gxf3 fxe5 27. dxe5
Qh4 28. f4 Rf8 29. Bb5 d4 30. Qg3 Qxg3+ 31. fxg3 Rbc8 32. Rbc2 Nb3 33. Bxc6
Nxc1 34. Rxc1 Rf7 35. Bf3 Rxc1+ 36. Bxc1 d3 37. Kf2 Rc7 38. Bd2 Rc4 39. Bd1 Rd4
40. Ke3 Rd7 41. Bg4 Kf7 42. f5 exf5 43. Bxf5 Rd5 44. Bxd3 Rxe5+ 45. Kf3 g5 46.
Bc4+ Ke7 47. Bc3 Rf5+ 48. Kg4 Rf2 49. Bg7 Rc2 50. Bb5 h5+ 51. Kxh5 Rh2 52. Kg4
Ke6 53. Bh6 a5 54. Bxg5 Kd5 55. h4 Rb2 56. Be8 Rb4+ 57. Kf5 Kc4 58. Bd8 Kd5 59.
g4 Rb1 60. h5 Rf1+ 61. Kg5 Ke5 62. Bb5 Rb1 63. h6 Rd1 64. Be7 Kd5 65. h7 Rh1
66. Bf6 Rxh7 67. Kg6 Rh1 68. g5 Ke6 69. Bd8 Rh8 70. Bxb6 Rg8+ 71. Kh5 Kf5 72.
Bd3+ Kf4 73. Bc7+ Ke3 74. Bb5 Ke4 75. Kh6 Kf5 76. Bd3+ Kg4 77. g6 Rh8+ 78. Kg7
Rc8 79. Be5 Rc5 80. Bf6 Rc7+ 81. Kh8 Rc8+ 82. Kh7 Rc7+ 83. g7 Rd7 84. Kh8 Rxd3
85. g8=Q+ Kf4 1-0

[Event "Championnat de France des Jeunes - Minim"]
[Site "MONTLUCON"]
[Date "2011.04.20"]
[Round "5.9"]
[White "Queyroi, Marie-Juliette"]
[Black "Rei-Rosa, Sophie"]
[Result "0-1"]
[WhiteElo "1570"]
[BlackElo "1700"]
[PlyCount "150"]

1. e4 e5 2. Nf3 Nc6 3. Bc4 Nf6 4. Ng5 Bc5 5. Nxf7 Bxf2+ 6. Kxf2 Nxe4+ 7. Ke1
Qf6 8. Rf1 Qh4+ 9. g3 Qxh2 10. Qf3 Qxg3+ 11. Qxg3 Nxg3 12. Nxh8 Nxf1 13. Kxf1
Na5 14. Na3 Nxc4 15. Nxc4 d6 16. d3 Bf5 17. Bg5 h6 18. Be3 Ke7 19. Nf7 Kxf7 20.
Ke2 Ke6 21. Rf1 d5 22. Nd2 d4 23. Bg1 c5 24. Kf3 Rf8 25. Kg3 g5 26. Re1 Kd5 27.
Nc4 e4 28. dxe4+ Bxe4 29. Nd2 Bxc2 30. Re7 b6 31. Rxa7 h5 32. Rg7 g4 33. Rg5+
Rf5 34. Rg8 Re5 35. Rh8 Bg6 36. Rd8+ Kc6 37. Nc4 Re6 38. Kf4 Kb5 39. Na3+ Kc6
40. Nc4 Kc7 41. Rg8 Be8 42. Bh2 Re2 43. Bg3 Bb5 44. Kf5+ Kd7 45. Nxb6+ Kc6 46.
Nc8 Kd5 47. Rd8+ Kc4 48. Nd6+ Kb4 49. Rb8 Rxb2 50. Rxb5+ Kc3 51. Rxc5+ Kd3 52.
a4 Ke2 53. Kf4 d3 54. Re5+ Kd1 55. Re1+ Kc2 56. Ke3 d2 57. Re2 Kd1 58. Nc4 Rb3+
59. Kf2 Rf3+ 60. Kg2 Kxe2 61. Nxd2 Kxd2 62. a5 Ra3 63. Bd6 Rd3 64. Bb4+ Ke3 65.
a6 Kf4 66. a7 Rd8 67. Ba5 Ra8 68. Bc7+ Kf5 69. Bb8 h4 70. Kh2 Ke4 71. Kg2 Ke3
72. Kg1 Kf3 73. Kf1 g3 74. Kg1 g2 75. Kh2 Kf2 0-1

[Event "Championnat de France des Jeunes - Minim"]
[Site "MONTLUCON"]
[Date "2011.04.20"]
[Round "5.10"]
[White "Chauvet, Adele"]
[Black "Kambrath, Linda"]
[Result "0-1"]
[WhiteElo "1535"]
[BlackElo "1656"]
[PlyCount "64"]

1. e4 e5 2. Nf3 Nc6 3. Bc4 Bc5 4. c3 Nf6 5. d3 d6 6. Bb3 a6 7. Bg5 h6 8. Bh4 g5
9. Bg3 Ba7 10. Nfd2 Bg4 11. f3 Bd7 12. Qe2 Nh5 13. Bf2 Nf4 14. Qf1 Bxf2+ 15.
Kxf2 b5 16. g3 Bh3 17. Qg1 Nxd3+ 18. Ke3 Nxb2 19. Bd5 Qd7 20. Qf2 Be6 21. Bxe6
Qxe6 22. Nb3 Nc4+ 23. Ke2 f5 24. exf5 Qxf5 25. Kf1 Rf8 26. Kg2 e4 27. Re1 e3
28. Qe2 O-O-O 29. Nd4 Nxd4 30. cxd4 g4 31. fxg4 Qe4+ 32. Kg1 Rf2 0-1

[Event "Championnat de France des Jeunes - Minim"]
[Site "MONTLUCON"]
[Date "2011.04.21"]
[Round "6.1"]
[White "Aflalo, Sophie"]
[Black "Afraoui, Solenn"]
[Result "1-0"]
[WhiteElo "2042"]
[BlackElo "1820"]
[PlyCount "77"]

1. e4 c5 2. Nf3 d6 3. d4 cxd4 4. Nxd4 Nf6 5. Nc3 g6 6. Be2 Bg7 7. O-O O-O 8.
Bg5 Nc6 9. Nb3 Be6 10. Re1 Rc8 11. Qd2 Re8 12. Bf1 Ne5 13. Nd4 Bc4 14. Nf3
Nxf3+ 15. gxf3 Qb6 16. Bh3 e6 17. Rab1 Nd7 18. Bg2 Ba6 19. f4 Qc5 20. e5 d5 21.
Rec1 Nb6 22. Ne2 Qc4 23. Nd4 Qxa2 24. b3 Qa3 25. Re1 Qc5 26. Re3 Qc7 27. Rh3
Nd7 28. Re1 Nb8 29. c3 Nc6 30. Nc2 Na5 31. Nd4 Nc6 32. Nc2 Qb6 33. b4 Bc4 34.
Ne3 Bb5 35. Ng4 h5 36. Nf6+ Kh8 37. Qd1 Red8 38. Rxh5+ gxh5 39. Qxh5+ 1-0

[Event "Championnat de France des Jeunes - Minim"]
[Site "MONTLUCON"]
[Date "2011.04.21"]
[Round "6.2"]
[White "Monpeurt, Cyrielle"]
[Black "Navrotescu, Andreea-Cristiana"]
[Result "1-0"]
[WhiteElo "1950"]
[BlackElo "1936"]
[PlyCount "73"]

1. e4 c5 2. Nf3 e6 3. d4 cxd4 4. Nxd4 Nc6 5. Nc3 Qc7 6. Be3 Nf6 7. Bd3 a6 8.
O-O Ne5 9. f4 Neg4 10. Bd2 Bc5 11. Nce2 e5 12. fxe5 Qxe5 13. Bf4 Bxd4+ 14. Kh1
Qc5 15. Nxd4 Qxd4 16. e5 Nf2+ 17. Rxf2 Qxf2 18. exf6 Qxf4 19. fxg7 Rg8 20. Qe1+
Kd8 21. Qa5+ Ke7 22. Re1+ Kf6 23. Qc3+ Kg5 24. Rf1 Qxf1+ 25. Bxf1 Kg6 26. g4 f6
27. Bc4 d5 28. Bxd5 Rxg7 29. Be4+ Kf7 30. Qc7+ Kf8 31. Qd8+ Kf7 32. Bd5+ Kg6
33. Qe8+ Kg5 34. Qh5+ Kf4 35. Qh6+ Ke5 36. Qxg7 Kxd5 37. Qxf6 1-0

[Event "Championnat de France des Jeunes - Minim"]
[Site "MONTLUCON"]
[Date "2011.04.21"]
[Round "6.3"]
[White "Fischer, Julie"]
[Black "Bekhouche, Marion"]
[Result "0-1"]
[WhiteElo "1823"]
[BlackElo "1703"]
[PlyCount "78"]

1. e4 e6 2. d3 d5 3. Nd2 c5 4. Ngf3 Nc6 5. g3 g6 6. Bg2 Bg7 7. O-O Nge7 8. Re1
Qc7 9. Nf1 d4 10. Qe2 h6 11. h4 e5 12. a3 Bg4 13. N1h2 Be6 14. Bd2 Qd7 15. Qf1
O-O 16. Kh1 f5 17. Bh3 Rf7 18. Qg2 Raf8 19. b3 Kh8 20. Re2 Ng8 21. Ng1 fxe4 22.
Bxe6 Qxe6 23. dxe4 d3 24. cxd3 Nd4 25. Be3 Nxe2 26. Nxe2 Qxb3 27. Bxc5 Rc8 28.
Bxa7 b6 29. Qh3 Ra8 30. f4 Raxa7 31. Rc1 Qxd3 32. Qg2 Rac7 33. Rxc7 Rxc7 34. h5
Qd1+ 35. Ng1 Qxh5 36. Qf2 exf4 37. gxf4 Qc5 38. Qg3 Qc6 39. Qd3 Re7 0-1

[Event "Championnat de France des Jeunes - Minim"]
[Site "MONTLUCON"]
[Date "2011.04.21"]
[Round "6.4"]
[White "Thomas, Anysia"]
[Black "Boursier, Marianne"]
[Result "1/2-1/2"]
[WhiteElo "1790"]
[BlackElo "1550"]
[Annotator "Rivier,Sylvain"]
[PlyCount "99"]

1. d4 Nf6 2. c4 g6 3. Nc3 d5 4. Nf3 Bg7 5. h3 O-O 6. Bg5 Ne4 7. Bf4 Nf6 8. cxd5
Nxd5 9. Nxd5 Qxd5 10. Bxc7 Nc6 11. e3 Bf5 12. Bg3 Nb4 13. Rc1 Rac8 14. Be2 Nc2+
15. Kf1 Qxa2 16. Kg1 b6 17. Kh2 Qxb2 18. Qd2 Qb3 19. Bd1 Rc3 20. Ne1 Rfc8 21.
Nxc2 Bxc2 22. Bxc2 Rxc2 23. Rxc2 Rxc2 24. Qd1 Qc3 25. Qf3 Qc8 26. Ra1 a6 27.
Qe4 a5 28. Qxe7 Bf8 29. Qf6 Qc6 30. Qxc6 Rxc6 31. d5 Rf6 32. e4 Be7 33. e5 Rf5
34. d6 Bd8 35. Rc1 Kf8 36. Rc8 Ke8 37. Bh4 g5 38. Bg3 Kd7 39. Rc3 h5 40. Kg1 f6
41. exf6 Rxf6 42. Kf1 Rf5 43. Ke2 b5 44. f3 b4 45. Rb3 Bb6 46. Rd3 Bc5 47. Kd2
Rf6 48. Rd5 Bxd6 49. Bf2 a4 50. Kc2 {suite illisible} 1/2-1/2

[Event "Championnat de France des Jeunes - Minim"]
[Site "MONTLUCON"]
[Date "2011.04.21"]
[Round "6.5"]
[White "Vignette, Jeanne"]
[Black "Eid, Maha"]
[Result "0-1"]
[WhiteElo "1617"]
[BlackElo "2088"]
[PlyCount "88"]

1. e4 c5 2. Nf3 e6 3. d4 cxd4 4. Nxd4 a6 5. Nc3 Qc7 6. Bd3 Nc6 7. Nxc6 dxc6 8.
O-O e5 9. Be3 Nf6 10. f3 b5 11. a4 Bb7 12. a5 Bd6 13. Qe1 O-O 14. Qg3 Kh8 15.
Ne2 c5 16. c3 c4 17. Bb6 Bc5+ 18. Kh1 Bxb6 19. axb6 Qxb6 20. Bc2 Qe3 21. Ng1
Rfe8 22. Rfe1 Qb6 23. Nh3 h6 24. Qh4 Nh7 25. f4 Qf6 26. Qg3 exf4 27. Nxf4 Qe5
28. Qg4 Nf6 29. Qf3 Rad8 30. Ne2 Bxe4 31. Bxe4 Qxe4 32. Qxe4 Rxe4 33. Nd4 Rxe1+
34. Rxe1 Nd5 35. h3 g6 36. Rf1 Kg7 37. Ra1 Rd6 38. Kh2 Nf4 39. Kg3 Ne6 40. Nf3
Nc5 41. Nd4 Nd3 42. Rb1 b4 43. Ne2 Rb6 44. cxb4 Rxb4 0-1

[Event "Championnat de France des Jeunes - Minim"]
[Site "MONTLUCON"]
[Date "2011.04.21"]
[Round "6.6"]
[White "Rei-Rosa, Sophie"]
[Black "Griggio, Julie"]
[Result "0-1"]
[WhiteElo "1700"]
[BlackElo "1796"]
[PlyCount "98"]

1. d4 Nf6 2. Nf3 g6 3. Bf4 Bg7 4. e3 Nh5 5. Be5 Nf6 6. h3 d6 7. Bh2 O-O 8. Be2
Nbd7 9. O-O Qe8 10. c4 e5 11. Nc3 Qe7 12. Qc2 Ne8 13. Nd5 Qd8 14. Rad1 c6 15.
Nc3 Qe7 16. b4 f5 17. dxe5 dxe5 18. c5 Kh8 19. e4 f4 20. Bc4 g5 21. Rd2 h5 22.
Qd1 g4 23. Ne1 Ndf6 24. hxg4 hxg4 25. Rd8 g3 26. fxg3 Bg4 27. Rxe8 Raxe8 28.
Qd2 Qd7 29. Qc2 Qd4+ 30. Rf2 Qxc4 31. gxf4 exf4 32. e5 Rxe5 33. Qd2 Ne4 34.
Nxe4 Qxe4 35. Rf1 Qe3+ 36. Qxe3 Rxe3 37. Bxf4 Rxe1 38. Rxe1 Rxf4 39. a3 Bb2 40.
Re7 Bxa3 41. Rxb7 Bxb4 42. Rc7 Bxc5+ 43. Kh2 Rf6 44. Rb7 a5 45. Rb8+ Kg7 46.
Ra8 Bb4 47. Kg3 Bd1 48. Rd8 Bd6+ 49. Kh4 Rh6+ 0-1